000 00308nam a22001337a 4500
020 _a978-93-83197-33-0
082 _a894.812
_bTOM/K
100 _aTOMY ABHILASH
245 _aKADAL OTTAYKKU KSHANAICHAPPOL
260 _aKOTTAYAM
_bMANORAMA BOOKS
_c2022
300 _a144
520 _aTRAVELLOGUE
942 _cBK
999 _c7779
_d7779